Welcome to WEB OPAC of MRSPTU Central Library

Software Architecture in Practice (Record no. 10586)

MARC details
000 -LEADER
fixed length control field 00553nmm a22001817a 4500
003 - CONTROL NUMBER IDENTIFIER
control field OSt
005 - DATE AND TIME OF LATEST TRANSACTION
control field 20251013115758.0
006 - FIXED-LENGTH DATA ELEMENTS--ADDITIONAL MATERIAL CHARACTERISTICS
fixed length control field eBook
008 - FIXED-LENGTH DATA ELEMENTS--GENERAL INFORMATION
fixed length control field 251013b |||||||| |||| 00| 0 eng d
040 ## - CATALOGING SOURCE
Transcribing agency MRSPTU
100 ## - MAIN ENTRY--PERSONAL NAME
Personal name Len Bass
245 ## - TITLE STATEMENT
Title Software Architecture in Practice
250 ## - EDITION STATEMENT
Edition statement 2nd
260 ## - PUBLICATION, DISTRIBUTION, ETC.
Place of publication, distribution, etc. New Delhi
Name of publisher, distributor, etc. Pearson
Date of publication, distribution, etc. 2003
300 ## - PHYSICAL DESCRIPTION
Extent Computer Science
856 ## - ELECTRONIC LOCATION AND ACCESS
Materials specified Click here to access the e-book
Uniform Resource Identifier <a href="https://ebookcentral.proquest.com/lib/gzsptuc/detail.action?docID=5126507&query=Software+Architecture+in+Practice">https://ebookcentral.proquest.com/lib/gzsptuc/detail.action?docID=5126507&query=Software+Architecture+in+Practice</a>
942 ## - ADDED ENTRY ELEMENTS (KOHA)
Source of classification or shelving scheme Dewey Decimal Classification
Koha item type eBook
Suppress in OPAC Yes
Holdings
Withdrawn status Lost status Source of classification or shelving scheme Damaged status Not for loan Collection Home library Current library Date acquired Total checkouts Barcode Date last seen Price effective from Koha item type
    Dewey Decimal Classification     BK MRSPTU Central Library MRSPTU Central Library 10/13/2025   E-132 10/13/2025 10/13/2025 eBook

Website Designed and Developed by MRSPTU Central Library Team

E-mail Id: librarian@mrsptu.ac.in